Library Logo

زندگانی سیاد الشھداء / (Record no. 250549)

000 -LEADER
fixed length control field 00522nam a22001697a 4500
003 - CONTROL NUMBER IDENTIFIER
control field BD-DhUL
005 - DATE AND TIME OF LATEST TRANSACTION
control field 20191027115453.0
008 - FIXED-LENGTH DATA ELEMENTS--GENERAL INFORMATION
fixed length control field 191027s1974 pk ||||| |||| 00| 0 urd d
040 ## - CATALOGING SOURCE
Original cataloging agency BD-DhUL
Transcribing agency BD-DhUL
082 ## - DEWEY DECIMAL CLASSIFICATION NUMBER
Classification number 922.97
Item number ALZ
100 3# - MAIN ENTRY--PERSONAL NAME
Personal name علی اکبر قرشی
245 10 - TITLE STATEMENT
Title زندگانی سیاد الشھداء /
Statement of responsibility, etc. علی اکبر قرشی
260 ## - PUBLICATION, DISTRIBUTION, ETC. (IMPRINT)
Place of publication, distribution, etc. لاہور :
Name of publisher, distributor, etc. شیخ غلام علی اینڈسنز،
Date of publication, distribution, etc. ۱۹۷۴۔
300 ## - PHYSICAL DESCRIPTION
Extent ص۔ ۳۰۴ ؛
Dimensions ۲۲ سم۔
650 #4 - SUBJECT ADDED ENTRY--TOPICAL TERM
Source of heading or term Biography
942 ## - ADDED ENTRY ELEMENTS (KOHA)
Source of classification or shelving scheme
Koha item type Books
Holdings
Price effective from Date last seen Permanent Location Not for loan Date acquired Source of classification or shelving scheme Koha item type Lost status Withdrawn status Copy number Source of acquisition Collection code Damaged status Shelving location Barcode Current Location Full call number
2019-10-272019-10-27Dhaka University Library 2019-10-27 Books  1purchasedNon Fiction General StacksA148394Dhaka University Library922.97 ALZ
Last Updated on September 15, 2019
© Dhaka University Library. All Rights Reserved|Staff Login